| 000 | 00578nam a22002177a 4500 | ||
|---|---|---|---|
| 003 | OSt | ||
| 005 | 20151111133644.0 | ||
| 008 | 151111b xxu||||| |||| 00| 0 eng d | ||
| 020 | _a9781455705542 | ||
| 040 | _cDNLM | ||
| 082 | _aWU100 O1r 2013 | ||
| 100 |
_aeditors Fonseca, Raymond J. [et.....al] _96092 |
||
| 245 | _aOral & Maxillofacial Trauma | ||
| 250 | _a4th ed. | ||
| 260 |
_aMissouri; _bElsevier, _c2013 |
||
| 300 | _axxxi,875p; col.ill: 28cm | ||
| 504 | _aReferences, & index included | ||
| 650 |
_aDental _93287 |
||
| 650 |
_aTrauma _92825 |
||
| 942 |
_2z _cO_SHELF |
||
| 999 |
_c2509 _d2509 |
||